| 000 | 00511nam a2200205Ia 4500 | ||
|---|---|---|---|
| 005 | 20260429112105.0 | ||
| 008 | 260429s9999||||xx |||||||||||||| ||und|| | ||
| 020 | _a9781032352657 | ||
| 041 | _aEnglish | ||
| 082 |
_a612.76 _bPHI |
||
| 100 | _aPhillips, Shaun | ||
| 245 | 0 |
_aFatigue in sport and exercise / _cShaun Phillips |
|
| 250 | _a2nd ed. | ||
| 260 |
_aLondon : _bRoutledge, _c2024. |
||
| 300 | _axxii, 304 p.; pbk | ||
| 650 | _a Exercise | ||
| 650 | _a Fatigue | ||
| 650 | _aSport | ||
| 942 | _cTB | ||
| 999 |
_c52304 _d52304 |
||